Giáo trình hành vi tổ chức

Nội dung giáo trình được bố cục thành 6 chương và phần phụ lục. Trong đó, chương 1 thảo luận hướng tiếp cận về khoa học hành vi và hành vi tổ chức; chương 2 trình bày hành vi cá nhân; chương 3 thảo luận về nhận thức, giá trị, thái độ va...

Full description

Saved in:
Bibliographic Details
Main Author: Lưu, Tiến Thuận
Format: Book
Language:Undetermined
Published: Cần Thơ Nxb. Đại học Cần Thơ 2021
Subjects:
Tags: Add Tag
No Tags, Be the first to tag this record!
Institutions: Trung tâm Học liệu Trường Đại học Cần Thơ
LEADER 01456nam a2200193Ia 4500
001 CTU_239779
008 210402s9999 xx 000 0 und d
082 |a 658.3 
082 |b Th502 
100 |a Lưu, Tiến Thuận 
245 0 |a Giáo trình hành vi tổ chức 
245 0 |c Lưu Tiến Thuận (Chủ biên), Lê Thị Diệu Hiền, Thạch Keo Sa Ráte 
260 |a Cần Thơ 
260 |b Nxb. Đại học Cần Thơ 
260 |c 2021 
520 |a Nội dung giáo trình được bố cục thành 6 chương và phần phụ lục. Trong đó, chương 1 thảo luận hướng tiếp cận về khoa học hành vi và hành vi tổ chức; chương 2 trình bày hành vi cá nhân; chương 3 thảo luận về nhận thức, giá trị, thái độ và sự hài lòng với công việc; chương 4 nhấn mạnh về hành vi các nhóm; chương 5 thảo luận về lãnh đạo theo tình huống; chương 6 trình bày về cơ cấu tổ chức và văn hóa tổ chức, và phần phụ lục trình bày một số câu hỏi thảo luận và nêu 20 tình huống có liên quan đến hành vi tổ chức. 
650 |a Organizational behavior,Hành vi tổ chức 
910 |a Tuyến 
980 |a Trung tâm Học liệu Trường Đại học Cần Thơ